00500nam a2200157Ia 450000500170000000800410001708200130005824500370007126000410010830000130014950000350016270000250019794200060022295200990022899900150032720250406053530.0240331s9999 xx 000 0 und d bSILa894 0aSillayoor selvarajan kavithaikal aIlankaibAthisayan Pathippakamc1997 a198 p ., aAn Anthology of Selected Poems aSelvarajan, K. eedt cL 001040708LaWERCLbWERCLcSSCd2024-03-31l0o 894.811 SILp4537r2024-03-31w2024-03-31yL c3768d3768